[Event "Batatais 1st"]
[Site "Batatais"]
[Date "2015.10.31"]
[Round "2.2"]
[White "Nunes da Silva, Diego"]
[Black "Pereira, Aelson"]
[Result "1-0"]
[WhiteElo "1573"]
[BlackElo "1716"]
[PlyCount "79"]
[EventDate "2015.10.31"]
[EventType "tourn"]
[EventRounds "9"]
[EventCountry "BRA"]
[SourceTitle "EXT 2022"]
[Source "ChessBase"]
[SourceDate "2021.10.06"]
[SourceVersion "1"]
[SourceVersionDate "2021.10.06"]
[SourceQuality "1"]

1. d4 Nf6 2. c4 e5 3. d5 Bb4+ 4. Bd2 Qe7 5. Nc3 d6 6. e4 Bxc3 7. Bxc3 Nxe4 8. Qc2 Nxc3 9. Qxc3 0-0 10. Be2 Bf5 11. Nf3 Nd7 12. b4 Nf6 13. Nh4 Bd7 14. 0-0 Ne4 15. Qe3 Qxh4 16. g3 Nxg3 17. fxg3 Qe7 18. Bd3 c6 19. dxc6 Bxc6 20. b5 Bd7 21. Qe4 f5 22. Qxb7 e4 23. Be2 Qe6 24. Rad1 Rfb8 25. Qd5 a6 26. Qxe6+ Bxe6 27. Rxd6 Bc8 28. b6 g6 29. c5 Kf8 30. Rb1 Ke7 31. Rc6 Rb7 32. Rxc8 Rxc8 33. Bxa6 Rbb8 34. Bxc8 Rxc8 35. a4 Kd7 36. a5 Kc6 37. a6 Ra8 38. b7 Rb8 39. a7 Rxb7 40. a8Q 1-0

[Event "Batatais op 2nd"]
[Site "Batatais"]
[Date "2015.01.18"]
[Round "4"]
[White "Silva, Lucas Jose de Sousa"]
[Black "Pereira, Aelson"]
[Result "1/2-1/2"]
[WhiteElo "1734"]
[BlackElo "1823"]
[PlyCount "117"]
[EventDate "2015.01.17"]
[EventType "swiss"]
[EventRounds "5"]
[EventCountry "BRA"]
[SourceTitle "CBM 164 Extra"]
[Source "ChessBase"]
[SourceDate "2015.03.02"]
[SourceVersion "1"]
[SourceVersionDate "2015.03.02"]
[SourceQuality "1"]

1. e4 c6 2. d4 d5 3. exd5 cxd5 4. Nf3 Bg4 5. Be2 e6 6. Bf4 Nf6 7. 0-0 Bd6 8. Bxd6 Qxd6 9. Ne5 Bxe2 10. Qxe2 Nc6 11. c3 0-0 12. Nd2 Nd7 13. Ndf3 f6 14. Nxd7 Qxd7 15. Rfe1 Rae8 16. Qd3 e5 17. dxe5 Nxe5 18. Nxe5 Rxe5 19. Rxe5 fxe5 20. Qe3 d4 21. Qd3 Qf5 22. Qxf5 Rxf5 23. cxd4 exd4 24. Rd1 Rb5 25. b3 Rd5 26. Kf1 Kf7 27. Ke2 Ke6 28. Kd3 Rf5 29. Re1+ Kd5 30. f3 Rg5 31. g3 Re5 32. Rxe5+ Kxe5 33. f4+ Kd5 34. g4 h6 35. h3 a6 36. b4 b6 37. f5 Ke5 38. h4 Kd5 39. a3 Ke5 40. a4 Kf4 41. Kxd4 Kxg4 42. Kd5 Kxf5 43. Kc6 g5 44. hxg5 hxg5 45. Kxb6 g4 46. Kxa6 g3 47. b5 g2 48. b6 g1Q 49. b7 Qf1+ 50. Ka7 Qf2+ 51. Ka8 Qf3 52. a5 Qc6 53. Ka7 Qc5+ 54. Ka6 Qd6+ 55. Ka7 Qd8 56. b8Q Qxa5+ 57. Kb7 Qb5+ 58. Ka7 Qxb8+ 59. Kxb8 1/2-1/2